[Event "DEM U12w 2021"]
[Site "Willingen GER"]
[Date "2021.08.28"]
[Round "8"]
[White "Eger, Nora"]
[Black "Stasaitis, Paulina"]
[Result "0-1"]
[Termination "normal"]
[Board "14"]
[WhiteElo "1281"]
[BlackElo "1321"]
[WhiteClock "00:17:43"]
[BlackClock "00:18:36"]
[PlyCount "100"]
[WhiteFideId "34605827"]
[BlackFideId "34606165"]
[EventCountry "GER"]
[EventRounds "9"]
[EventType "swiss"]
[EventDate "2021.08.22"]

1. Nf3 {[%clk 1:30:52]} d5 {[%clk 1:30:51]} 2. g3 {[%clk 1:31:11]} Nf6 {[%clk
1:31:09]} 3. Bg2 {[%clk 1:31:25]} c6 {[%clk 1:31:23]} 4. O-O {[%clk 1:31:28]}
Bf5 {[%clk 1:31:31]} 5. d3 e6 {[%clk 1:31:38]} 6. Nbd2 {[%clk 1:30:45]} Bd6
{[%clk 1:31:46]} 7. c4 {[%clk 1:29:43]} O-O {[%clk 1:31:36]} 8. b3 {[%clk
1:29:37]} e5 {[%clk 1:29:32]} 9. Bb2 {[%clk 1:26:29]} Re8 {[%clk 1:27:32]} 10.
Rc1 {[%clk 1:23:54]} Qa5 {[%clk 1:12:57]} 11. Ra1 {[%clk 1:20:06]} Nbd7 {[%clk
1:04:20]} 12. Qc2 {[%clk 1:16:29]} Rac8 {[%clk 0:58:40]} 13. Bc3 {[%clk
1:10:47]} Bb4 {[%clk 0:57:50]} 14. Bxb4 {[%clk 1:08:55]} Qxb4 {[%clk 0:57:04]}
15. Rfc1 {[%clk 1:03:11]} d4 {[%clk 0:43:50]} 16. e3 {[%clk 0:56:02]} dxe3
{[%clk 0:41:18]} 17. fxe3 {[%clk 0:55:25]} e4 {[%clk 0:37:52]} 18. dxe4 {[%clk
0:53:09]} Nxe4 {[%clk 0:32:09]} 19. Nxe4 {[%clk 0:51:26]} Bxe4 {[%clk 0:32:07]}
20. Qd2 {[%clk 0:49:16]} Qxd2 {[%clk 0:31:55]} 21. Nxd2 {[%clk 0:49:30]} Bxg2
{[%clk 0:32:12]} 22. Kxg2 {[%clk 0:49:53]} Rxe3 {[%clk 0:32:19]} 23. Kf2 {[%clk
0:45:31]} Rce8 {[%clk 0:31:17]} 24. Re1 {[%clk 0:42:56]} Rxe1 {[%clk 0:30:31]}
25. Rxe1 {[%clk 0:43:18]} Ne5 {[%clk 0:29:34]} 26. Kg2 {[%clk 0:41:38]} Kf8
{[%clk 0:29:30]} 27. Kh3 {[%clk 0:36:41]} g5 {[%clk 0:26:30]} 28. g4 {[%clk
0:30:16]} f6 {[%clk 0:24:01]} 29. Kg3 {[%clk 0:30:02]} Rd8 {[%clk 0:24:00]} 30.
Ne4 {[%clk 0:29:44]} Rd3+ {[%clk 0:23:43]} 31. Kg2 {[%clk 0:29:18]} Kg7 32. h3
{[%clk 0:28:21]} Ng6 {[%clk 0:20:37]} 33. Nc5 {[%clk 0:25:10]} Nf4+ {[%clk
0:20:18]} 34. Kf1 {[%clk 0:23:39]} Rxh3 {[%clk 0:18:50]} 35. Nxb7 {[%clk
0:22:44]} Rh1+ {[%clk 0:19:03]} 36. Kf2 {[%clk 0:22:57]} Nd3+ {[%clk 0:19:18]}
37. Ke3 {[%clk 0:22:28]} Nxe1 {[%clk 0:19:24]} 38. Nc5 {[%clk 0:22:06]} Rh3+
{[%clk 0:18:46]} 39. Ke2 {[%clk 0:22:13]} Nc2 {[%clk 0:18:22]} 40. Ne6+ {[%clk
0:21:25]} Kg6 {[%clk 0:18:35]} 41. Nd8 {[%clk 0:20:28]} Nd4+ {[%clk 0:18:42]}
42. Kd2 {[%clk 0:20:20]} h5 {[%clk 0:18:13]} 43. gxh5+ {[%clk 0:20:16]} Kxh5
{[%clk 0:18:33]} 44. Nf7 {[%clk 0:20:34]} g4 {[%clk 0:18:43]} 45. Nd6 {[%clk
0:19:09]} g3 {[%clk 0:18:36]} 46. Ne4 {[%clk 0:18:09]} g2 {[%clk 0:18:28]} 47.
Nf2 {[%clk 0:17:12]} g1=Q {[%clk 0:18:24]} 48. Nxh3 {[%clk 0:17:26]} Qg2+
{[%clk 0:18:36]} 49. Kd3 {[%clk 0:17:23]} Qxh3+ {[%clk 0:18:37]} 50. Kxd4
{[%clk 0:17:43]} Qd7+ {[%clk 0:18:36]} 0-1

[Event "DEM U12w 2021"]
[Site "Willingen GER"]
[Date "2021.08.28"]
[Round "8"]
[White "Zhou, Jenny"]
[Black "Chandrasekher, Ritu"]
[Result "0-1"]
[Termination "normal"]
[Board "15"]
[WhiteElo "1268"]
[BlackElo "1197"]
[WhiteClock "00:21:31"]
[BlackClock "00:53:02"]
[PlyCount "116"]
[WhiteFideId "16280229"]
[BlackFideId "34609024"]
[EventCountry "GER"]
[EventRounds "9"]
[EventType "swiss"]
[EventDate "2021.08.22"]

1. e4 {[%clk 1:30:56]} e5 {[%clk 1:30:56]} 2. Nf3 {[%clk 1:31:15]} Nc6 3. Bc4
{[%clk 1:31:39]} Bc5 {[%clk 1:31:43]} 4. c3 {[%clk 1:32:01]} Nf6 {[%clk
1:32:06]} 5. d4 {[%clk 1:32:19]} exd4 {[%clk 1:32:17]} 6. e5 {[%clk 1:32:39]}
d5 {[%clk 1:32:32]} 7. Bb5 {[%clk 1:33:02]} Ne4 {[%clk 1:32:33]} 8. cxd4 {[%clk
1:33:21]} Bb4+ {[%clk 1:32:43]} 9. Bd2 {[%clk 1:33:39]} Nxd2 {[%clk 1:32:30]}
10. Nbxd2 {[%clk 1:33:58]} Bd7 {[%clk 1:30:56]} 11. h3 {[%clk 1:28:27]} Nxe5
{[%clk 1:28:54]} 12. Bxd7+ {[%clk 1:28:15]} Nxd7 {[%clk 1:29:05]} 13. O-O
{[%clk 1:27:56]} O-O {[%clk 1:28:09]} 14. a3 {[%clk 1:27:45]} Bxd2 {[%clk
1:27:24]} 15. Qxd2 {[%clk 1:28:00]} Qf6 {[%clk 1:26:55]} 16. Rfe1 {[%clk
1:26:37]} Rfe8 {[%clk 1:25:05]} 17. Rad1 {[%clk 1:20:17]} h6 {[%clk 1:23:23]}
18. Qa5 {[%clk 1:17:58]} Rxe1+ {[%clk 1:21:32]} 19. Rxe1 {[%clk 1:18:13]} Nb6
{[%clk 1:19:55]} 20. Qc5 {[%clk 1:14:32]} c6 {[%clk 1:19:00]} 21. Qe7 {[%clk
1:12:29]} Qxe7 {[%clk 1:18:29]} 22. Rxe7 {[%clk 1:10:02]} Rb8 {[%clk 1:17:42]}
23. b3 {[%clk 1:08:45]} Kf8 {[%clk 1:16:51]} 24. Rc7 {[%clk 1:04:10]} Ke8
{[%clk 1:16:49]} 25. Ne5 {[%clk 1:03:47]} f6 {[%clk 1:15:08]} 26. Ng6 {[%clk
1:02:55]} Nd7 {[%clk 1:13:14]} 27. Nf4 {[%clk 0:46:52]} Ke7 {[%clk 1:12:30]}
28. Nxd5+ {[%clk 0:42:56]} Kd6 {[%clk 1:11:47]} 29. b4 {[%clk 0:39:28]} cxd5
{[%clk 1:11:32]} 30. Rc3 {[%clk 0:39:19]} g5 {[%clk 1:10:07]} 31. g4 {[%clk
0:36:24]} Nb6 {[%clk 1:09:22]} 32. Kg2 {[%clk 0:32:41]} Na4 {[%clk 1:09:28]}
33. Rf3 {[%clk 0:32:35]} Rf8 {[%clk 1:08:43]} 34. Kg3 {[%clk 0:32:31]} Ke7
{[%clk 1:06:39]} 35. h4 {[%clk 0:32:47]} Rf7 {[%clk 1:06:12]} 36. Re3+ {[%clk
0:33:07]} Kd6 {[%clk 1:05:23]} 37. hxg5 {[%clk 0:29:48]} hxg5 {[%clk 1:05:21]}
38. f4 {[%clk 0:29:49]} Nb2 {[%clk 1:04:40]} 39. Re2 {[%clk 0:29:23]} Nc4
{[%clk 1:03:50]} 40. a4 {[%clk 0:29:34]} a5 {[%clk 1:01:59]} 41. b5 {[%clk
0:29:13]} Re7 {[%clk 1:00:39]} 42. Rf2 {[%clk 0:26:41]} Re3+ {[%clk 0:59:30]}
43. Kg2 {[%clk 0:26:35]} Ra3 {[%clk 0:59:01]} 44. fxg5 {[%clk 0:26:15]} fxg5
{[%clk 0:58:01]} 45. Rf6+ {[%clk 0:26:17]} Ke7 {[%clk 0:57:55]} 46. Rg6 {[%clk
0:26:41]} Rxa4 {[%clk 0:56:49]} 47. Rxg5 {[%clk 0:26:44]} Kf6 {[%clk 0:55:59]}
48. Rg8 {[%clk 0:26:14]} Ra2+ {[%clk 0:55:38]} 49. Kg3 {[%clk 0:26:26]} a4
{[%clk 0:55:41]} 50. g5+ {[%clk 0:26:07]} Kf5 {[%clk 0:55:13]} 51. Kh4 {[%clk
0:25:10]} Rg2 {[%clk 0:55:06]} 52. Rf8+ {[%clk 0:23:38]} Kg6 {[%clk 0:54:15]}
53. Rf6+ {[%clk 0:22:35]} Kg7 {[%clk 0:54:01]} 54. Kh5 {[%clk 0:20:57]} Rh2+
{[%clk 0:54:14]} 55. Kg4 {[%clk 0:21:21]} a3 {[%clk 0:54:06]} 56. Kg3 {[%clk
0:21:16]} Rd2 57. Re6 a2 {[%clk 0:52:58]} 58. Re7+ {[%clk 0:21:31]} Kg6 {[%clk
0:53:02]} 0-1

[Event "DEM U12w 2021"]
[Site "Willingen GER"]
[Date "2021.08.28"]
[Round "8"]
[White "Terekhin, Maria"]
[Black "Krasikova, Milana"]
[Result "0-1"]
[Termination "normal"]
[Board "16"]
[WhiteElo "1030"]
[BlackElo "1244"]
[WhiteClock "00:56:04"]
[BlackClock "00:25:05"]
[PlyCount "46"]
[WhiteFideId "16277422"]
[BlackFideId "16287347"]
[EventCountry "GER"]
[EventRounds "9"]
[EventType "swiss"]
[EventDate "2021.08.22"]

1. e4 {[%clk 1:30:30]} e5 {[%clk 1:30:56]} 2. Nc3 {[%clk 1:31:24]} Nf6 {[%clk
1:31:16]} 3. a3 {[%clk 1:31:48]} Nc6 {[%clk 1:31:17]} 4. Nf3 {[%clk 1:32:07]}
d6 {[%clk 1:28:56]} 5. Bb5 {[%clk 1:30:51]} g6 {[%clk 1:27:28]} 6. d3 {[%clk
1:30:52]} Bg7 {[%clk 1:26:21]} 7. O-O {[%clk 1:27:17]} O-O {[%clk 1:26:39]} 8.
Bxc6 {[%clk 1:27:17]} bxc6 {[%clk 1:26:36]} 9. Bg5 {[%clk 1:26:33]} Re8 {[%clk
1:23:16]} 10. Re1 {[%clk 1:26:20]} h6 {[%clk 1:15:49]} 11. Bxf6 {[%clk
1:24:52]} Bxf6 {[%clk 1:14:27]} 12. Qd2 {[%clk 1:14:47]} Kg7 {[%clk 1:09:05]}
13. Rad1 {[%clk 1:14:09]} Bg4 {[%clk 1:06:17]} 14. Qe3 {[%clk 1:14:07]} d5
{[%clk 1:03:35]} 15. exd5 {[%clk 1:11:15]} cxd5 {[%clk 1:03:09]} 16. Qe2 {[%clk
1:08:35]} Rb8 {[%clk 0:50:21]} 17. b4 {[%clk 1:07:36]} e4 {[%clk 0:43:54]} 18.
dxe4 {[%clk 1:02:52]} Bxc3 {[%clk 0:42:09]} 19. Rf1 {[%clk 1:02:42]} Rxe4
{[%clk 0:34:42]} 20. Qd3 {[%clk 1:01:47]} Bf6 {[%clk 0:28:40]} 21. h3 {[%clk
1:00:03]} Bxf3 {[%clk 0:27:10]} 22. Qxf3 {[%clk 0:58:01]} c6 {[%clk 0:25:05]}
23. Kh1 {[%clk 0:56:04]} Qe7 0-1

[Event "DEM U12w 2021"]
[Site "Willingen GER"]
[Date "2021.08.28"]
[Round "8"]
[White "Tran, Hanna Emilie Mai Hoa"]
[Black "Neumeier, Valentina"]
[Result "0-1"]
[Termination "normal"]
[Board "17"]
[WhiteElo "1077"]
[BlackElo "1128"]
[WhiteClock "00:53:26"]
[BlackClock "00:21:15"]
[PlyCount "90"]
[WhiteFideId "16267869"]
[BlackFideId "34608222"]
[EventCountry "GER"]
[EventRounds "9"]
[EventType "swiss"]
[EventDate "2021.08.22"]

1. e4 {[%clk 1:30:57]} e5 {[%clk 1:30:55]} 2. Nf3 {[%clk 1:31:14]} Nc6 {[%clk
1:31:15]} 3. Bc4 {[%clk 1:31:37]} Nf6 {[%clk 1:31:35]} 4. d3 {[%clk 1:31:48]}
h6 {[%clk 1:31:36]} 5. Be3 {[%clk 1:31:42]} Bb4+ {[%clk 1:27:50]} 6. Nbd2
{[%clk 1:31:32]} d6 {[%clk 1:27:01]} 7. h3 {[%clk 1:31:49]} O-O {[%clk
1:25:42]} 8. O-O {[%clk 1:30:39]} Be6 {[%clk 1:23:24]} 9. Bxe6 {[%clk 1:28:46]}
fxe6 {[%clk 1:23:31]} 10. c3 {[%clk 1:28:55]} Ba5 {[%clk 1:21:55]} 11. b4
{[%clk 1:28:35]} Bb6 {[%clk 1:21:48]} 12. a3 {[%clk 1:27:00]} Bxe3 {[%clk
1:19:49]} 13. fxe3 {[%clk 1:27:20]} d5 {[%clk 1:10:52]} 14. exd5 {[%clk
1:26:10]} Nxd5 {[%clk 1:08:41]} 15. Qe1 {[%clk 1:19:21]} Nxc3 {[%clk 1:05:45]}
16. Nc4 {[%clk 1:19:26]} Qxd3 {[%clk 1:05:11]} 17. Ncxe5 {[%clk 1:19:22]} Nxe5
{[%clk 1:05:18]} 18. Nxe5 {[%clk 1:19:46]} Rxf1+ {[%clk 1:05:37]} 19. Qxf1
{[%clk 1:20:07]} Qxe3+ {[%clk 1:05:55]} 20. Kh1 {[%clk 1:17:55]} Qxe5 {[%clk
1:04:18]} 21. Re1 {[%clk 1:15:00]} Qd6 {[%clk 0:56:46]} 22. Qf3 {[%clk
1:15:00]} Nd5 {[%clk 0:56:10]} 23. Qg4 {[%clk 1:07:56]} Re8 {[%clk 0:51:43]}
24. Qg6 {[%clk 1:07:44]} Re7 {[%clk 0:50:19]} 25. Qe4 {[%clk 1:06:00]} Qf4
{[%clk 0:45:05]} 26. Qg6 {[%clk 1:03:32]} e5 {[%clk 0:42:45]} 27. Qd3 {[%clk
1:01:51]} c6 {[%clk 0:41:15]} 28. Rf1 {[%clk 1:01:52]} Qe3 {[%clk 0:37:07]} 29.
Qf5 {[%clk 1:01:24]} Nf6 {[%clk 0:35:28]} 30. Qc8+ {[%clk 1:01:17]} Kf7 {[%clk
0:34:04]} 31. Qf5 {[%clk 0:58:02]} Qg5 {[%clk 0:32:22]} 32. Qc2 {[%clk
0:55:28]} e4 {[%clk 0:30:58]} 33. Qc4+ {[%clk 0:55:35]} Qd5 {[%clk 0:30:27]}
34. Qe2 {[%clk 0:54:48]} e3 {[%clk 0:28:40]} 35. Rf3 {[%clk 0:54:41]} Qd2
{[%clk 0:27:43]} 36. Qc4+ {[%clk 0:54:49]} Re6 {[%clk 0:27:08]} 37. Rg3 {[%clk
0:54:19]} g5 {[%clk 0:25:14]} 38. Kg1 {[%clk 0:54:23]} Qf2+ {[%clk 0:25:18]}
39. Kh2 e2 {[%clk 0:24:41]} 40. Rf3 {[%clk 0:54:52]} Qxf3 {[%clk 0:24:36]} 41.
gxf3 {[%clk 0:54:57]} e1=Q {[%clk 0:24:21]} 42. Kg2 {[%clk 0:54:58]} Nd5 {[%clk
0:21:33]} 43. Qf1 {[%clk 0:54:40]} Ne3+ {[%clk 0:21:31]} 44. Kh2 {[%clk
0:53:08]} Qxf1 {[%clk 0:21:15]} 45. Kg3 {[%clk 0:53:26]} Qg2# 0-1

[Event "DEM U12w 2021"]
[Site "Willingen GER"]
[Date "2021.08.28"]
[Round "8"]
[White "Kopylov, Diana"]
[Black "Vogt, Luna"]
[Result "1-0"]
[Termination "normal"]
[Board "18"]
[WhiteElo "1007"]
[BlackElo "1147"]
[WhiteClock "00:12:08"]
[BlackClock "00:02:31"]
[PlyCount "75"]
[WhiteFideId "16268865"]
[BlackFideId "34607153"]
[EventCountry "GER"]
[EventRounds "9"]
[EventType "swiss"]
[EventDate "2021.08.22"]

1. d4 {[%clk 1:30:58]} d5 {[%clk 1:30:55]} 2. c4 {[%clk 1:31:20]} e6 {[%clk
1:31:20]} 3. cxd5 {[%clk 1:31:44]} exd5 {[%clk 1:31:44]} 4. Nf3 {[%clk
1:31:44]} c6 {[%clk 1:31:59]} 5. Nc3 {[%clk 1:31:47]} Bf5 {[%clk 1:32:03]} 6.
Bf4 {[%clk 1:30:59]} Bd6 {[%clk 1:30:31]} 7. Bxd6 {[%clk 1:29:47]} Qxd6 {[%clk
1:30:52]} 8. e3 {[%clk 1:29:35]} Nd7 {[%clk 1:31:04]} 9. Bd3 {[%clk 1:29:05]}
Bxd3 {[%clk 1:30:27]} 10. Qxd3 {[%clk 1:29:23]} Ngf6 {[%clk 1:34:06]} 11. O-O
{[%clk 1:29:13]} O-O {[%clk 1:28:12]} 12. Rfe1 {[%clk 1:24:33]} Rae8 {[%clk
1:27:07]} 13. Rac1 {[%clk 1:23:08]} Ne4 {[%clk 1:26:56]} 14. a3 {[%clk
1:19:23]} f5 {[%clk 1:22:10]} 15. Na4 {[%clk 1:14:18]} Qc7 {[%clk 1:04:21]} 16.
Qb3 {[%clk 1:09:29]} Rf6 {[%clk 0:56:15]} 17. Qxd5+ {[%clk 1:07:05]} Kh8 {[%clk
0:48:20]} 18. Qb3 {[%clk 0:59:55]} Qb8 {[%clk 0:43:08]} 19. Red1 {[%clk
0:56:22]} f4 {[%clk 0:32:48]} 20. Rd3 {[%clk 0:44:14]} fxe3 {[%clk 0:24:12]}
21. Rxe3 {[%clk 0:42:49]} Rh6 {[%clk 0:19:54]} 22. Rce1 {[%clk 0:38:02]} b5
{[%clk 0:15:57]} 23. Rxe4 {[%clk 0:36:35]} Nf6 {[%clk 0:15:39]} 24. Rxe8+
{[%clk 0:34:46]} Nxe8 {[%clk 0:14:54]} 25. g3 {[%clk 0:33:48]} Rd6 {[%clk
0:13:06]} 26. Ng5 {[%clk 0:31:14]} Rd5 {[%clk 0:11:31]} 27. Re5 {[%clk
0:28:47]} Nf6 {[%clk 0:08:57]} 28. Nc3 {[%clk 0:23:47]} Rd7 {[%clk 0:08:06]}
29. Nf7+ {[%clk 0:20:08]} Kg8 {[%clk 0:07:37]} 30. Nd8+ {[%clk 0:19:16]} Kf8
{[%clk 0:07:10]} 31. Ne6+ {[%clk 0:19:08]} Ke8 {[%clk 0:04:56]} 32. Nc5+ {[%clk
0:18:44]} Re7 {[%clk 0:04:59]} 33. Ne6 {[%clk 0:14:45]} Kd7 {[%clk 0:04:01]}
34. Nc5+ {[%clk 0:12:35]} Kd8 {[%clk 0:02:55]} 35. Rxe7 {[%clk 0:11:52]} Kxe7
{[%clk 0:02:55]} 36. Qe6+ {[%clk 0:12:05]} Kd8 {[%clk 0:02:57]} 37. Qxc6 {[%clk
0:12:04]} Qc7 {[%clk 0:02:31]} 38. Ne6+ {[%clk 0:12:08]} 1-0

[Event "DEM U12w 2021"]
[Site "Willingen GER"]
[Date "2021.08.28"]
[Round "8"]
[White "Niederdorfer, Mathilda"]
[Black "Stepanjan, Tatevik Mia"]
[Result "1-0"]
[Termination "normal"]
[Board "19"]
[WhiteElo "1264"]
[BlackElo "1170"]
[WhiteClock "01:01:27"]
[BlackClock "00:28:17"]
[PlyCount "109"]
[WhiteFideId "16275845"]
[BlackFideId "16246128"]
[EventCountry "GER"]
[EventRounds "9"]
[EventType "swiss"]
[EventDate "2021.08.22"]

1. e4 {[%clk 1:30:58]} c5 {[%clk 1:30:49]} 2. d4 {[%clk 1:31:22]} e6 {[%clk
1:30:14]} 3. Bc4 {[%clk 1:26:06]} cxd4 {[%clk 1:23:42]} 4. c3 {[%clk 1:26:23]}
d5 {[%clk 1:19:09]} 5. exd5 {[%clk 1:25:17]} exd5 {[%clk 1:15:26]} 6. Bb3
{[%clk 1:22:11]} Nc6 {[%clk 0:59:59]} 7. cxd4 {[%clk 1:22:31]} Be6 {[%clk
0:58:39]} 8. Nf3 {[%clk 1:22:04]} Nf6 {[%clk 0:55:16]} 9. Nc3 {[%clk 1:20:27]}
Bb4 {[%clk 0:53:17]} 10. O-O {[%clk 1:18:14]} O-O {[%clk 0:52:53]} 11. Bg5
{[%clk 1:16:54]} Bxc3 {[%clk 0:48:21]} 12. bxc3 {[%clk 1:17:12]} h6 {[%clk
0:46:06]} 13. Bxf6 {[%clk 1:16:45]} Qxf6 {[%clk 0:45:18]} 14. Bc2 {[%clk
1:11:12]} Rfe8 {[%clk 0:40:06]} 15. Qd3 {[%clk 1:08:10]} g6 {[%clk 0:37:17]}
16. Rfe1 {[%clk 1:05:53]} Bf5 {[%clk 0:37:11]} 17. Rxe8+ {[%clk 1:06:07]} Rxe8
{[%clk 0:37:26]} 18. Qd2 {[%clk 1:05:57]} Bxc2 {[%clk 0:37:25]} 19. Qxc2 {[%clk
1:06:18]} Re4 {[%clk 0:36:50]} 20. h3 {[%clk 1:05:55]} Rf4 {[%clk 0:36:36]} 21.
Rb1 {[%clk 1:03:23]} b6 {[%clk 0:36:42]} 22. Qd3 {[%clk 1:00:05]} Ne7 {[%clk
0:35:57]} 23. Qa6 Nc6 {[%clk 0:33:39]} 24. a4 {[%clk 0:55:14]} Kg7 {[%clk
0:31:10]} 25. Nh2 Re4 26. Rb5 {[%clk 0:49:20]} Re1+ {[%clk 0:28:53]} 27. Nf1
{[%clk 0:49:41]} Re2 {[%clk 0:26:48]} 28. f3 {[%clk 0:49:14]} Qg5 {[%clk
0:26:17]} 29. g3 {[%clk 0:47:26]} Re1 {[%clk 0:25:13]} 30. Kf2 {[%clk 0:47:35]}
Qc1 {[%clk 0:23:36]} 31. Rxd5 {[%clk 0:47:47]} Re6 {[%clk 0:19:03]} 32. Qc4
{[%clk 0:46:47]} Qc2+ {[%clk 0:15:43]} 33. Kg1 {[%clk 0:44:50]} Ne7 {[%clk
0:11:59]} 34. Rd7 {[%clk 0:42:30]} Re2 {[%clk 0:11:52]} 35. d5 {[%clk 0:41:26]}
Rg2+ {[%clk 0:11:43]} 36. Kh1 {[%clk 0:41:54]} Qf2 {[%clk 0:11:35]} 37. Qd4+
{[%clk 0:41:48]} Qxd4 {[%clk 0:11:04]} 38. cxd4 {[%clk 0:35:55]} Re2 {[%clk
0:10:18]} 39. g4 {[%clk 0:33:45]} a5 {[%clk 0:09:35]} 40. d6 {[%clk 0:32:22]}
Re1 {[%clk 0:07:57]} 41. Rxe7 {[%clk 0:27:57]} Rxf1+ {[%clk 0:07:13]} 42. Kg2
{[%clk 0:28:15]} Rd1 {[%clk 0:07:06]} 43. Re4 {[%clk 0:28:35]} Rd2+ {[%clk
0:02:11]} 44. Kf1 {[%clk 0:28:13]} Rd1+ {[%clk 0:01:39]} 45. Ke2 {[%clk
0:28:33]} Ra1 {[%clk 0:01:31]} 46. d7 {[%clk 0:28:51]} Ra2+ {[%clk 0:01:45]}
47. Kd1 {[%clk 0:29:07]} Ra1+ {[%clk 0:01:43]} 48. Kc2 {[%clk 0:29:27]} Ra2+
{[%clk 0:01:16]} 49. Kb3 {[%clk 0:29:49]} Rf2 {[%clk 0:00:59]} 50. Rf4 {[%clk
0:29:42]} Re2 {[%clk 0:00:52]} 51. d8=Q {[%clk 0:29:51]} Re3+ {[%clk 0:00:46]}
52. Kc4 {[%clk 0:30:13]} Re1 {[%clk 0:30:03]} 53. Qf6+ {[%clk 1:00:39]} Kg8
{[%clk 0:28:15]} 54. Qxf7+ {[%clk 1:00:59]} Kh8 {[%clk 0:28:17]} 55. Qf8+
{[%clk 1:01:27]} 1-0

[Event "DEM U12w 2021"]
[Site "Willingen GER"]
[Date "2021.08.28"]
[Round "8"]
[White "Abram, Kristina-Maria"]
[Black "Hesse, Sariana"]
[Result "0-1"]
[Termination "normal"]
[Board "20"]
[WhiteElo "1009"]
[BlackElo "997"]
[WhiteClock "01:08:45"]
[BlackClock "01:21:23"]
[PlyCount "64"]
[WhiteFideId "16298349"]
[BlackFideId "34605843"]
[EventCountry "GER"]
[EventRounds "9"]
[EventType "swiss"]
[EventDate "2021.08.22"]

1. e4 {[%clk 1:30:56]} e5 {[%clk 1:30:57]} 2. Nf3 {[%clk 1:31:11]} Nc6 {[%clk
1:31:21]} 3. Bc4 {[%clk 1:31:27]} Bc5 {[%clk 1:31:28]} 4. Nc3 {[%clk 1:31:00]}
Nf6 {[%clk 1:31:34]} 5. d3 {[%clk 1:31:01]} d6 {[%clk 1:31:23]} 6. Bg5 {[%clk
1:31:10]} O-O {[%clk 1:31:29]} 7. Nd5 {[%clk 1:31:13]} Kh8 {[%clk 1:29:40]} 8.
Nxf6 {[%clk 1:30:49]} gxf6 {[%clk 1:29:56]} 9. Bh6 {[%clk 1:29:46]} Rg8 {[%clk
1:29:58]} 10. Nh4 {[%clk 1:27:42]} f5 {[%clk 1:27:11]} 11. Qh5 {[%clk 1:24:27]}
Be6 {[%clk 1:24:43]} 12. Bxe6 {[%clk 1:18:29]} fxe6 {[%clk 1:24:54]} 13. exf5
{[%clk 1:17:53]} Nd4 {[%clk 1:23:39]} 14. Ng6+ {[%clk 1:16:32]} hxg6 {[%clk
1:23:38]} 15. Bf8+ {[%clk 1:16:44]} gxh5 {[%clk 1:23:30]} 16. O-O-O {[%clk
1:16:24]} Qxf8 {[%clk 1:22:26]} 17. fxe6 {[%clk 1:15:11]} Nxe6 {[%clk 1:22:15]}
18. g3 {[%clk 1:14:17]} Qxf2 {[%clk 1:22:02]} 19. Rdf1 {[%clk 1:13:31]} Qe3+
{[%clk 1:21:37]} 20. Kb1 {[%clk 1:13:26]} Rgf8 {[%clk 1:21:24]} 21. Re1 {[%clk
1:12:41]} Qd4 {[%clk 1:21:03]} 22. Re4 {[%clk 1:12:04]} Qxe4 {[%clk 1:20:47]}
23. dxe4 {[%clk 1:12:07]} Rf2 {[%clk 1:20:57]} 24. h3 {[%clk 1:11:42]} Raf8
{[%clk 1:21:07]} 25. a3 {[%clk 1:11:32]} Rf1+ {[%clk 1:21:18]} 26. Rxf1 {[%clk
1:11:50]} Rxf1+ {[%clk 1:21:43]} 27. Ka2 {[%clk 1:11:51]} Ng5 {[%clk 1:21:21]}
28. b4 {[%clk 1:11:10]} Bd4 {[%clk 1:21:22]} 29. h4 {[%clk 1:10:35]} Nxe4
{[%clk 1:21:32]} 30. Kb3 {[%clk 1:10:15]} Nxg3 {[%clk 1:21:16]} 31. c3 {[%clk
1:09:11]} Bg1 {[%clk 1:21:02]} 32. c4 {[%clk 1:08:45]} e4 {[%clk 1:21:23]} 0-1

[Event "DEM U12w 2021"]
[Site "Willingen GER"]
[Date "2021.08.29"]
[Round "9"]
[White "Trunz, Tamila"]
[Black "Müller, Riyanna"]
[Result "1-0"]
[Termination "normal"]
[Board "1"]
[WhiteElo "1353"]
[BlackElo "1421"]
[WhiteClock "00:16:35"]
[BlackClock "00:28:59"]
[PlyCount "91"]
[WhiteFideId "16267885"]
[BlackFideId "16287401"]
[EventCountry "GER"]
[EventRounds "9"]
[EventType "swiss"]
[EventDate "2021.08.22"]

1. e4 {[%clk 1:30:56]} c5 {[%clk 1:30:45]} 2. Nc3 {[%clk 1:31:08]} a6 {[%clk
1:30:46]} 3. a4 {[%clk 1:31:26]} e6 {[%clk 1:30:29]} 4. g3 {[%clk 1:31:16]} b6
{[%clk 1:29:55]} 5. Bg2 {[%clk 1:30:34]} Bb7 {[%clk 1:29:54]} 6. d3 {[%clk
1:30:03]} d5 {[%clk 1:28:49]} 7. f4 {[%clk 1:22:42]} h5 {[%clk 1:26:06]} 8. Qe2
{[%clk 1:16:21]} Nc6 {[%clk 1:24:32]} 9. Nf3 {[%clk 1:14:33]} Nd4 {[%clk
1:20:17]} 10. Nxd4 {[%clk 1:11:20]} cxd4 {[%clk 1:20:33]} 11. Nd1 {[%clk
1:10:26]} Rc8 {[%clk 1:18:06]} 12. c3 {[%clk 1:06:46]} dxc3 {[%clk 1:14:51]}
13. bxc3 {[%clk 1:07:02]} Nf6 {[%clk 1:13:59]} 14. e5 {[%clk 1:05:33]} Nd7
{[%clk 1:10:11]} 15. d4 {[%clk 1:04:08]} Bc6 {[%clk 1:06:59]} 16. Bd2 {[%clk
0:56:55]} b5 {[%clk 1:03:52]} 17. a5 {[%clk 0:55:26]} Nb8 {[%clk 1:02:44]} 18.
Bc1 {[%clk 0:40:55]} Bd7 {[%clk 0:59:54]} 19. Qa2 {[%clk 0:36:07]} Rc4 {[%clk
0:56:43]} 20. Qb2 {[%clk 0:31:26]} b4 {[%clk 0:50:11]} 21. Bd2 {[%clk 0:24:21]}
bxc3 {[%clk 0:43:46]} 22. Bxc3 {[%clk 0:24:33]} Qc8 {[%clk 0:41:28]} 23. O-O
{[%clk 0:21:57]} Rc7 {[%clk 0:39:29]} 24. Rb1 {[%clk 0:13:07]} Bb5 {[%clk
0:36:25]} 25. Re1 {[%clk 0:12:31]} Nd7 {[%clk 0:33:28]} 26. Rc1 {[%clk
0:09:29]} Ba4 {[%clk 0:30:36]} 27. Ne3 {[%clk 0:07:41]} Rb7 {[%clk 0:27:15]}
28. Qd2 {[%clk 0:06:11]} Qb8 {[%clk 0:23:12]} 29. Qe2 {[%clk 0:04:48]} Bb5
{[%clk 0:22:09]} 30. Qf2 {[%clk 0:04:53]} Rc7 {[%clk 0:20:06]} 31. f5 {[%clk
0:04:24]} Ba3 {[%clk 0:19:16]} 32. Bb2 {[%clk 0:03:40]} Bb4 {[%clk 0:17:19]}
33. Red1 {[%clk 0:02:45]} Bxa5 {[%clk 0:15:47]} 34. Rxc7 {[%clk 0:01:37]} Bxc7
{[%clk 0:15:17]} 35. Bh3 {[%clk 0:01:16]} exf5 {[%clk 0:13:29]} 36. Bxf5 {[%clk
0:01:01]} Nb6 {[%clk 0:10:53]} 37. Ba3 {[%clk 0:01:07]} g6 {[%clk 0:09:40]} 38.
Bh3 {[%clk 0:01:16]} Nc4 {[%clk 0:07:37]} 39. Nxc4 {[%clk 0:01:35]} Bxc4 {[%clk
0:08:04]} 40. e6 {[%clk 0:01:22]} f5 {[%clk 0:06:53]} 41. Bxf5 {[%clk 0:21:32]}
Bd6 {[%clk 0:28:07]} 42. Bxg6+ {[%clk 0:20:32]} Kd8 {[%clk 0:28:21]} 43. Bxd6
{[%clk 0:17:11]} Qxd6 {[%clk 0:28:29]} 44. Qf6+ {[%clk 0:17:02]} Kc7 {[%clk
0:28:43]} 45. Qxh8 {[%clk 0:16:35]} Qxe6 {[%clk 0:28:59]} 46. Qe5+ {[%clk
0:16:35]} 1-0